|
|
|
|
| LEADER |
02372nam a2200493 i 4500 |
| 001 |
EBC1531647 |
| 003 |
MiAaPQ |
| 005 |
20200520144314.0 |
| 006 |
m o d | |
| 007 |
cr cnu|||||||| |
| 008 |
130822t20132013dcuabd ob i001 0 eng|d |
| 020 |
|
|
|z 9781464800832 (alk. paper)
|
| 020 |
|
|
|a 9781464800849
|q (electronic bk.)
|
| 035 |
|
|
|a (MiAaPQ)EBC1531647
|
| 035 |
|
|
|a (Au-PeEL)EBL1531647
|
| 035 |
|
|
|a (CaPaEBR)ebr10778169
|
| 035 |
|
|
|a (CaONFJC)MIL546820
|
| 035 |
|
|
|a (OCoLC)862612206
|
| 040 |
|
|
|a MiAaPQ
|b eng
|e rda
|e pn
|c MiAaPQ
|d MiAaPQ
|
| 050 |
|
4 |
|a HJ9745
|b .D46 2013
|
| 082 |
0 |
|
|a 352.40285
|2 23
|
| 100 |
1 |
|
|a Dener, Cem.
|
| 245 |
1 |
0 |
|a Financial management information systems and open budget data :
|b do governments report on where the money goes? /
|c Cem Dener and Saw Young Min.
|
| 264 |
|
1 |
|a Washington, District of Columbia :
|b World Bank,
|c [2013]
|
| 264 |
|
4 |
|c 2013
|
| 300 |
|
|
|a 1 online resource (195 pages) :
|b illustrations (chiefly color), color maps.
|
| 336 |
|
|
|a text
|2 rdacontent
|
| 337 |
|
|
|a computer
|2 rdamedia
|
| 338 |
|
|
|a online resource
|2 rdacarrier
|
| 490 |
1 |
|
|a A World Bank study
|
| 504 |
|
|
|a Includes bibliographical references and index.
|
| 505 |
0 |
|
|a Abbreviations -- Acknowledgments -- Preface -- Executive summary -- Introduction -- Methodology -- Data -- Good practices -- Guidelines for publishing open budget data -- Conclusions -- Findings -- Concluding remarks -- Annexes -- Tables -- Boxes -- Figures.
|
| 588 |
|
|
|a Description based on print version record.
|
| 590 |
|
|
|a Electronic reproduction. Ann Arbor, MI : ProQuest, 2015. Available via World Wide Web. Access may be limited to ProQuest affiliated libraries.
|
| 650 |
|
0 |
|a Finance, Public
|x Management
|x Data processing.
|
| 650 |
|
0 |
|a Management information systems.
|
| 650 |
|
0 |
|a Transparency in government.
|
| 655 |
|
4 |
|a Electronic books.
|
| 700 |
1 |
|
|a Min, Saw Young.
|
| 710 |
2 |
|
|a World Bank.
|
| 776 |
0 |
8 |
|i Print version:
|a Dener, Cem.
|t Financial management information systems and open budget data : do governments report on where the money goes?.
|d Washington, District of Columbia : World Bank, [2013]
|h xxiv, 167 pages
|k A World Bank study
|z 9781464800832
|w (DLC) 2013031240
|
| 797 |
2 |
|
|a ProQuest (Firm)
|
| 830 |
|
0 |
|a World Bank study.
|
| 856 |
4 |
0 |
|u https://ebookcentral.proquest.com/lib/matrademy/detail.action?docID=1531647
|z Click to View
|